000 00490nam a2200205Ia 4500
003 OSt
005 20230420145044.0
008 210423s1989 xx 000 0 und d
020 _a9780140120493
040 _cAL
041 _aeng
082 _a823 THAS
100 _aTHAROOR (Shashi).
_991105
245 _aGreat Indian novel.
260 _aNew Delhi
_bPenguin Books Ltd
_c1989
300 _a423
_bPB
365 _b299
_cINR
906 _aGreat ; Indian ; novel.
942 _2ddc
_cBK
999 _c160332
_d160332